[Event "Mitropa Cup 25th"]
[Site "Brno"]
[Date "2006.09.15"]
[Round "9.2"]
[White "Le Roux, Jean Pierre"]
[Black "Polak, Tomas"]
[Result "0-1"]
[WhiteElo "2496"]
[BlackElo "2473"]
[PlyCount "69"]
[EventDate "2006.09.07"]
[EventType "team-tourn"]
[EventRounds "9"]
[EventCountry "CZE"]
[Source "ChessBase"]
[SourceDate "2006.11.03"]
[WhiteTeam "France"]
[BlackTeam "Czech Republic"]
[WhiteTeamCountry "FRA"]
[BlackTeamCountry "CZE"]

1. d4 Nf6 2. c4 e6 3. Nf3 d5 4. Nc3 Nbd7 5. Bg5 h6 6. Bh4 dxc4 7. e3 Nb6 8. Be2
Be7 9. O-O O-O 10. Rc1 Bd7 11. Qc2 Rc8 12. Rfd1 c5 13. Ne5 Nfd5 14. Bg3 Nxc3
15. Qxc3 Ba4 16. Rf1 cxd4 17. exd4 Bb5 18. Rfd1 Nd5 19. Qe1 Bb4 20. Qf1 Ba4 21.
b3 cxb3 22. axb3 Bxb3 23. Rxc8 Qxc8 24. Rc1 Qd8 25. Bh5 a5 26. h4 Nf6 27. Bxf7+
Rxf7 28. Nxf7 Kxf7 29. Rc7+ Be7 30. Rxb7 a4 31. Be5 Bd5 32. Rb8 Qa5 33. Qb1 a3
34. Bxf6 a2 35. Qc1 0-1

[Event "Mitropa Cup 25th"]
[Site "Brno"]
[Date "2006.09.15"]
[Round "9.1"]
[White "Chytilek, Roman"]
[Black "Wirthensohn, Heinz"]
[Result "1/2-1/2"]
[WhiteElo "2392"]
[BlackElo "2397"]
[PlyCount "35"]
[EventDate "2006.09.07"]
[EventType "team-tourn"]
[EventRounds "9"]
[EventCountry "CZE"]
[Source "ChessBase"]
[SourceDate "2006.11.03"]
[WhiteTeam "Czech Republic II"]
[BlackTeam "Switzerland"]
[WhiteTeamCountry "CZE"]
[BlackTeamCountry "SUI"]

1. e4 c5 2. Nf3 g6 3. d4 cxd4 4. Qxd4 Nf6 5. e5 Nc6 6. Qa4 Nd5 7. Qe4 Ndb4 8.
Bb5 Qa5 9. Nc3 Bg7 10. O-O O-O 11. Bxc6 dxc6 12. a3 Nd5 13. Nxd5 Qxd5 14. Qxd5
cxd5 15. Re1 Bd7 16. Bf4 Rfc8 17. c3 a5 18. Rad1 1/2-1/2

[Event "Mitropa Cup 25th"]
[Site "Brno"]
[Date "2006.09.15"]
[Round "9.1"]
[White "Ekstroem, Roland"]
[Black "Kanovsky, David"]
[Result "1/2-1/2"]
[WhiteElo "2461"]
[BlackElo "2368"]
[PlyCount "129"]
[EventDate "2006.09.07"]
[EventType "team-tourn"]
[EventRounds "9"]
[EventCountry "CZE"]
[Source "ChessBase"]
[SourceDate "2006.11.03"]
[WhiteTeam "Switzerland"]
[BlackTeam "Czech Republic II"]
[WhiteTeamCountry "SUI"]
[BlackTeamCountry "CZE"]

1. Nf3 Nf6 2. b3 c5 3. c4 b6 4. g3 Bb7 5. Bg2 e6 6. O-O Be7 7. Nc3 O-O 8. d4
cxd4 9. Qxd4 Nc6 10. Qf4 Qb8 11. Rd1 Rd8 12. Qxb8 Raxb8 13. Bb2 h6 14. h3 a6
15. Rac1 Ba8 16. Nd4 Nxd4 17. Rxd4 Bxg2 18. Kxg2 b5 19. Ne4 Nxe4 20. Rxe4 d5
21. cxd5 Rxd5 22. Rd4 Rbd8 23. e3 Bf6 24. Rxd5 Rxd5 25. Bxf6 gxf6 26. Rc8+ Kg7
27. Ra8 Rd6 28. g4 Kg6 29. Ra7 f5 30. gxf5+ exf5 31. Kf3 f6 32. Kg3 Re6 33. Ra8
Rd6 34. f3 Rc6 35. Kf4 Rd6 36. h4 h5 37. Rg8+ Kf7 38. Rg2 Re6 39. Rc2 Kg6 40.
Rc1 Rd6 41. Rg1+ Kf7 42. Kxf5 Rd5+ 43. Kf4 Rd2 44. Rc1 Rxa2 45. Kf5 Ra3 46.
Rc7+ Ke8 47. e4 Rxb3 48. f4 Rb4 49. Rc6 a5 50. Rxf6 a4 51. Ra6 Rc4 52. e5 Rc8
53. Ke6 Rb8 54. f5 b4 55. f6 Kf8 56. Rxa4 b3 57. Ra1 b2 58. Rb1 Rb6+ 59. Kf5
Kf7 60. e6+ Rxe6 61. Rxb2 Rxf6+ 62. Kg5 Kg7 63. Rb7+ Rf7 64. Rxf7+ Kxf7 65.
Kxh5 1/2-1/2

[Event "Mitropa Cup 25th"]
[Site "Brno"]
[Date "2006.09.15"]
[Round "9.1"]
[White "Moor, Olivier"]
[Black "Klima, Lukas"]
[Result "1/2-1/2"]
[WhiteElo "2388"]
[BlackElo "2443"]
[PlyCount "62"]
[EventDate "2006.09.07"]
[EventType "team-tourn"]
[EventRounds "9"]
[EventCountry "CZE"]
[Source "ChessBase"]
[SourceDate "2006.11.03"]
[WhiteTeam "Switzerland"]
[BlackTeam "Czech Republic II"]
[WhiteTeamCountry "SUI"]
[BlackTeamCountry "CZE"]

1. d4 Nf6 2. c4 e6 3. Nf3 b6 4. a3 Bb7 5. Nc3 d5 6. Bg5 Be7 7. Rc1 O-O 8. e3
Nbd7 9. cxd5 exd5 10. Bd3 Re8 11. Qb3 c5 12. dxc5 Nxc5 13. Qd1 d4 14. Nxd4 Bxg2
15. Rg1 Nxd3+ 16. Qxd3 Bb7 17. Rd1 Nh5 18. Bxe7 Qxe7 19. Qf5 Qh4 20. Qg4 Qxh2
21. Nf5 f6 22. Qf3 Qxg1+ 23. Ke2 Qg5 24. Rd4 g6 25. Rg4 Nf4+ 26. Rxf4 gxf5 27.
Rxf5 Qg6 28. Nd5 Kh8 29. Nc7 Rac8 30. Nxe8 Qxe8 31. Rd5 Qe6 1/2-1/2

[Event "Mitropa Cup 25th"]
[Site "Brno"]
[Date "2006.09.15"]
[Round "9.1"]
[White "Simacek, Pavel"]
[Black "Jenni, Florian"]
[Result "1-0"]
[WhiteElo "2500"]
[BlackElo "2481"]
[PlyCount "95"]
[EventDate "2006.09.07"]
[EventType "team-tourn"]
[EventRounds "9"]
[EventCountry "CZE"]
[Source "ChessBase"]
[SourceDate "2006.11.03"]
[WhiteTeam "Czech Republic II"]
[BlackTeam "Switzerland"]
[WhiteTeamCountry "CZE"]
[BlackTeamCountry "SUI"]

1. e4 e5 2. Nf3 Nc6 3. d4 exd4 4. Nxd4 Nf6 5. Nxc6 bxc6 6. e5 Qe7 7. Qe2 Nd5 8.
c4 Ba6 9. b3 g5 10. g3 Bg7 11. Bb2 O-O-O 12. Nd2 Nb4 13. Qe4 Rhe8 14. f4 gxf4
15. gxf4 f5 16. Qxf5 Rf8 17. Qxh7 Rxf4 18. Rg1 Qc5 19. Rxg7 Qe3+ 20. Kd1 Rf2
21. Bc1 Qd4 22. Bh3 Qxe5 23. Re7 Qxa1 24. Rxd7 Rdf8 25. Rd8+ Kb7 26. Rxf8 Rxf8
27. Qe7 Nxa2 28. Qxf8 Qxc1+ 29. Ke2 Qc2 30. Bc8+ Kb6 31. Qf2+ c5 32. Qf6+ Ka5
33. Qxa6+ Kb4 34. Qa4+ Kc3 35. Qd7 Nc1+ 36. Ke3 Kb2 37. Bb7 Qd1 38. Qg7+ Ka2
39. Qc3 Qg1+ 40. Kf3 Qh1+ 41. Kg4 Qg1+ 42. Kf5 Qf2+ 43. Bf3 Qe1 44. Be4 Qf2+
45. Ke6 Ne2 46. Bb1+ Ka3 47. Qa1+ Kb4 48. Qa4+ 1-0

[Event "Mitropa Cup 25th"]
[Site "Brno"]
[Date "2006.09.15"]
[Round "9.4"]
[White "Bogner, Sebastian"]
[Black "Lettieri, Giuseppe"]
[Result "1-0"]
[WhiteElo "2318"]
[BlackElo "2295"]
[PlyCount "99"]
[EventDate "2006.09.07"]
[EventType "team-tourn"]
[EventRounds "9"]
[EventCountry "CZE"]
[Source "ChessBase"]
[SourceDate "2006.11.03"]
[WhiteTeam "Germany"]
[BlackTeam "Italy"]
[WhiteTeamCountry "GER"]
[BlackTeamCountry "ITA"]

1. Nf3 Nf6 2. c4 c5 3. Nc3 g6 4. e4 d6 5. d4 cxd4 6. Nxd4 Bg7 7. Be2 O-O 8. O-O
Nc6 9. Nc2 Bd7 10. Be3 Rc8 11. f3 a6 12. Qd2 Ne5 13. Na3 Be6 14. Nd5 Bxd5 15.
exd5 Rb8 16. Rac1 Qc7 17. Rfe1 b6 18. Bf1 Qb7 19. Bd4 b5 20. cxb5 axb5 21. f4
Neg4 22. h3 Nh6 23. Nxb5 Qxd5 24. Bc4 Qb7 25. Bd3 Nf5 26. Bf2 h5 27. a4 Qd5 28.
Qc2 Bh6 29. Bxf5 Qxf5 30. Qxf5 gxf5 31. Rxe7 Bxf4 32. Rc2 Ne4 33. Ba7 Ra8 34.
Rb7 d5 35. Kf1 Rfc8 36. Nd4 Ng3+ 37. Kf2 Nh1+ 38. Kf3 Be5 39. Nc6 Bd6 40. Ne7+
Bxe7 41. Rxc8+ Rxc8 42. Rxe7 Rc1 43. Re8+ Kh7 44. Bd4 Rd1 45. Bc5 d4 46. Ke2
Ra1 47. Ra8 Ng3+ 48. Kd3 Rd1+ 49. Kc2 Rg1 50. Rh8+ 1-0

[Event "Mitropa Cup 25th"]
[Site "Brno"]
[Date "2006.09.15"]
[Round "9.4"]
[White "Manca, Federico"]
[Black "Brener, Ilja"]
[Result "1-0"]
[WhiteElo "2425"]
[BlackElo "2327"]
[PlyCount "97"]
[EventDate "2006.09.07"]
[EventType "team-tourn"]
[EventRounds "9"]
[EventCountry "CZE"]
[Source "ChessBase"]
[SourceDate "2006.11.03"]
[WhiteTeam "Italy"]
[BlackTeam "Germany"]
[WhiteTeamCountry "ITA"]
[BlackTeamCountry "GER"]

1. e4 c5 2. c3 g6 3. d4 cxd4 4. cxd4 d5 5. e5 Bg7 6. Nf3 Nc6 7. h3 Nh6 8. Nc3
f6 9. exf6 exf6 10. Bb5 O-O 11. O-O Nf5 12. Bxc6 bxc6 13. Na4 Nd6 14. b3 Ne4
15. Ba3 Re8 16. Rc1 Bd7 17. Nc5 Nxc5 18. Bxc5 Qc7 19. Qd2 Re4 20. Rfe1 Rae8 21.
Qd3 Bh6 22. Rcd1 Qa5 23. Qb1 Qa6 24. a4 Bf4 25. Qc2 Bf5 26. Qc3 Re2 27. Rxe2
Rxe2 28. Qb4 g5 29. Bd6 Qb6 30. Qxb6 axb6 31. Bxf4 gxf4 32. Rd2 Re8 33. Ra2 Kf7
34. b4 Be4 35. a5 bxa5 36. bxa5 Ra8 37. Nd2 Bd3 38. Ra3 Bb5 39. Nb3 Ke7 40. Nc5
Be2 41. Ra1 Kd6 42. f3 Ba6 43. Re1 Bc8 44. Re8 Kc7 45. a6 Ra7 46. Rh8 Bxa6 47.
Rxh7+ Kb6 48. Rxa7 Kxa7 49. Nxa6 1-0

[Event "Mitropa Cup 25th"]
[Site "Brno"]
[Date "2006.09.15"]
[Round "9.4"]
[White "Meier, Georg"]
[Black "Borgo, Giulio"]
[Result "1/2-1/2"]
[WhiteElo "2450"]
[BlackElo "2414"]
[PlyCount "137"]
[EventDate "2006.09.07"]
[EventType "team-tourn"]
[EventRounds "9"]
[EventCountry "CZE"]
[Source "ChessBase"]
[SourceDate "2006.11.03"]
[WhiteTeam "Germany"]
[BlackTeam "Italy"]
[WhiteTeamCountry "GER"]
[BlackTeamCountry "ITA"]

1. e4 c5 2. Nf3 b6 3. c4 Bb7 4. Nc3 d6 5. d4 cxd4 6. Nxd4 Nf6 7. f3 e6 8. Be3
Nbd7 9. Be2 Be7 10. O-O O-O 11. Rc1 a6 12. Qd2 Qc7 13. Rfd1 Rac8 14. Kh1 Qb8
15. a3 Bd8 16. b4 Be7 17. Bg1 Qa8 18. Nb3 Rfd8 19. Na4 Bc6 20. Nb2 Ne5 21. Nd4
Bb7 22. Nd3 h5 23. Qg5 Nxd3 24. Bxd3 Qb8 25. Ne2 Rd7 26. Bd4 Bd8 27. Qe3 Bc6
28. e5 dxe5 29. Bxe5 Bc7 30. Bxf6 gxf6 31. Qh6 f5 32. Bxf5 exf5 33. Qxc6 Re7
34. Nd4 Bf4 35. Qf6 Qe5 36. Qxe5 Rxe5 37. Rc3 Rd8 38. g3 Re3 39. Rcc1 Be5 40.
Nxf5 Rxd1+ 41. Rxd1 Rxf3 42. Ne7+ Kg7 43. Nd5 Rxa3 44. Nxb6 Rc3 45. c5 Rb3 46.
Nd5 h4 47. Re1 f6 48. gxh4 Rd3 49. Ne3 Kf7 50. Re2 Rd4 51. c6 Re4 52. h5 Ke6
53. Kg2 Rh4 54. h3 Rxh5 55. Nc4 Rg5+ 56. Kf2 Ke7 57. Rd2 Rf5+ 58. Ke2 Rf4 59.
Rd7+ Ke6 60. Nxe5 fxe5 61. Rb7 Kd6 62. Rb6 Kc7 63. Rxa6 Rxb4 64. Kf3 Rh4 65.
Kg3 Rh8 66. h4 Rg8+ 67. Kf3 e4+ 68. Kf4 Rf8+ 69. Kxe4 1/2-1/2

[Event "Mitropa Cup 25th"]
[Site "Brno"]
[Date "2006.09.15"]
[Round "9.5"]
[White "Michalik, Peter"]
[Black "Sebenik, Matej"]
[Result "0-1"]
[WhiteElo "2330"]
[BlackElo "2400"]
[PlyCount "100"]
[EventDate "2006.09.07"]
[EventType "team-tourn"]
[EventRounds "9"]
[EventCountry "CZE"]
[Source "ChessBase"]
[SourceDate "2006.11.03"]
[WhiteTeam "Slovakia"]
[BlackTeam "Slovenia"]
[WhiteTeamCountry "SVK"]
[BlackTeamCountry "SLO"]

1. e4 g6 2. d4 Bg7 3. Nc3 c6 4. Nf3 d5 5. h3 Nh6 6. Bf4 f6 7. exd5 cxd5 8. Nb5
O-O 9. c4 Nc6 10. cxd5 Qxd5 11. Nc3 Qa5 12. Bc4+ Kh8 13. d5 Ne5 14. Be2 Nf5 15.
O-O Qb4 16. Qd2 Bd7 17. Rad1 Rac8 18. Rfe1 Nc4 19. Bxc4 Rxc4 20. a3 Qc5 21. Re2
g5 22. Be3 Qc8 23. Bxa7 g4 24. hxg4 Rxg4 25. Re4 Bh6 26. Qd3 Rg7 27. Ne1 Rfg8
28. Bd4 Qf8 29. Bc5 Qf7 30. Ne2 Qh5 31. Nd4 Nh4 32. g3 Nf5 33. Nxf5 Bxf5 34.
Qe2 Bg4 35. Rxg4 Rxg4 36. Ng2 Bf8 37. Bxe7 Bxe7 38. Qxe7 Rxg3 39. Qxf6+ R3g7
40. Rd3 Qg6 41. Qxg6 Rxg6 42. Rg3 Rxg3 43. fxg3 Rxg3 44. Kf2 Rb3 45. Ne3 Rxb2+
46. Kf3 Kg7 47. Nc4 Rb1 48. Ke4 Kf6 49. Nd6 h5 50. Ne8+ Kg5 0-1

[Event "Mitropa Cup 25th"]
[Site "Brno"]
[Date "2006.09.15"]
[Round "9.5"]
[White "Petrik, Tomas"]
[Black "Borisek, Jure"]
[Result "0-1"]
[WhiteElo "2523"]
[BlackElo "2495"]
[PlyCount "80"]
[EventDate "2006.09.07"]
[EventType "team-tourn"]
[EventRounds "9"]
[EventCountry "CZE"]
[Source "ChessBase"]
[SourceDate "2006.11.03"]
[WhiteTeam "Slovakia"]
[BlackTeam "Slovenia"]
[WhiteTeamCountry "SVK"]
[BlackTeamCountry "SLO"]

1. e4 e5 2. Nf3 Nc6 3. Bb5 a6 4. Bxc6 dxc6 5. O-O Be7 6. d3 Bf6 7. Nbd2 Be6 8.
b3 Ne7 9. Nc4 Bxc4 10. bxc4 c5 11. h3 Nc6 12. Nh2 h5 13. Rb1 b6 14. Re1 Bg5 15.
Nf1 Nd4 16. Bxg5 Qxg5 17. Re3 h4 18. c3 Ne6 19. Qa4+ Kf8 20. Rf3 Nf4 21. Ne3
Rh6 22. Qd7 Qd8 23. Qf5 Rh5 24. Qg4 Kg8 25. Rxf4 exf4 26. Qxh5 fxe3 27. Rd1
exf2+ 28. Kxf2 Qf6+ 29. Kg1 Qxc3 30. Qxh4 Qc2 31. Qh5 Rf8 32. e5 Qxa2 33. Re1
Qd2 34. Re4 Qxd3 35. Rg4 Qe3+ 36. Kh2 Re8 37. Rg5 Qf4+ 38. Kh1 Re6 39. Rf5 g6
40. Rg5 Rxe5 0-1

[Event "Mitropa Cup 25th"]
[Site "Brno"]
[Date "2006.09.15"]
[Round "9.5"]
[White "Sakelsek, Tadej"]
[Black "Meszaros, Michal"]
[Result "1/2-1/2"]
[WhiteElo "2432"]
[BlackElo "2420"]
[PlyCount "141"]
[EventDate "2006.09.07"]
[EventType "team-tourn"]
[EventRounds "9"]
[EventCountry "CZE"]
[Source "ChessBase"]
[SourceDate "2006.11.03"]
[WhiteTeam "Slovenia"]
[BlackTeam "Slovakia"]
[WhiteTeamCountry "SLO"]
[BlackTeamCountry "SVK"]

1. e4 c5 2. Nf3 d6 3. d4 cxd4 4. Nxd4 Nf6 5. Nc3 Nc6 6. Bg5 e6 7. Qd2 Qb6 8.
Nb3 a6 9. O-O-O Be7 10. f3 O-O 11. g4 Rd8 12. Be3 Qc7 13. g5 Nd7 14. h4 b5 15.
g6 fxg6 16. h5 gxh5 17. Rxh5 Nf8 18. f4 Bf6 19. Bg2 Rb8 20. Kb1 b4 21. Ne2 a5
22. Nbd4 Nxd4 23. Nxd4 Bd7 24. Qf2 Be8 25. Rhh1 a4 26. f5 Bf7 27. Nc6 b3 28.
cxb3 axb3 29. Nxb8 bxa2+ 30. Ka1 Rxb8 31. Bd4 e5 32. Be3 Nd7 33. Rc1 Qb7 34.
Rc2 Bd8 35. Bf3 Nf6 36. Bg5 h6 37. Bxf6 Bxf6 38. Qg2 Bg5 39. Be2 Qb3 40. Bf1
Kf8 41. Rh3 Qa4 42. Rhc3 Rb4 43. Rc8+ Ke7 44. f6+ Kxf6 45. Bc4 Bxc4 46. R8xc4
Bf4 47. Qe2 Rxc4 48. Rxc4 Qa7 49. Qd1 Qa6 50. Qd5 Kg5 51. Rc6 Qe2 52. Kxa2 h5
53. Rxd6 h4 54. Qc6 Kg4 55. Rg6+ Kf3 56. Qe6 Qxe4 57. Qg4+ Ke3 58. Qg1+ Kf3 59.
Qf1+ Ke3 60. Ra6 Qd5+ 61. Ka1 Kd2 62. Ra2 Qd4 63. Ra3 g5 64. Qg2+ Ke1 65. Qh1+
Kd2 66. Kb1 e4 67. Rc3 Ke2 68. Qg2+ Ke1 69. Qh1+ Ke2 70. Qg2+ Ke1 71. Qh1+
1/2-1/2

[Event "Mitropa Cup 25th"]
[Site "Brno"]
[Date "2006.09.15"]
[Round "9.5"]
[White "Skoberne, Jure"]
[Black "Jurcik, Marian"]
[Result "1/2-1/2"]
[WhiteElo "2407"]
[BlackElo "2328"]
[PlyCount "73"]
[EventDate "2006.09.07"]
[EventType "team-tourn"]
[EventRounds "9"]
[EventCountry "CZE"]
[Source "ChessBase"]
[SourceDate "2006.11.03"]
[WhiteTeam "Slovenia"]
[BlackTeam "Slovakia"]
[WhiteTeamCountry "SLO"]
[BlackTeamCountry "SVK"]

1. c4 e5 2. g3 Nf6 3. Bg2 d5 4. cxd5 Nxd5 5. Nc3 Be6 6. Nf3 Nc6 7. O-O Nb6 8.
a3 f6 9. b4 Qd7 10. Re1 a5 11. b5 Qf7 12. d4 Nxd4 13. Nxd4 O-O-O 14. e3 exd4
15. exd4 Kb8 16. Qf3 Bc8 17. Ne4 Nd5 18. Ng5 Qg8 19. Ne4 b6 20. Bd2 Bb7 21.
Rac1 h6 22. Rc6 Qf7 23. Rec1 f5 24. h4 Bxa3 25. Qxa3 fxe4 26. Bxe4 Rhe8 27. f3
Re7 28. Qb3 Nf6 29. Qxf7 Rxf7 30. Bg6 Bxc6 31. Bxf7 Bxf3 32. Bf4 Rd7 33. Be6
Re7 34. Kf2 Bd5 35. Bf5 Ne4+ 36. Bxe4 Bxe4 37. Re1 1/2-1/2

[Event "Mitropa Cup (Women) 4th"]
[Site "Szeged"]
[Date "2007.05.08"]
[Round "1"]
[White "Borosova, Zuzana"]
[Black "Horvath, Julia"]
[Result "0-1"]
[WhiteElo "2206"]
[BlackElo "2277"]
[PlyCount "92"]
[EventDate "2007.05.08"]
[EventType "team-tourn"]
[EventRounds "9"]
[EventCountry "HUN"]
[Source "ChessBase"]
[SourceDate "2007.07.04"]

1. e4 c5 2. Nf3 e6 3. d4 cxd4 4. Nxd4 Nf6 5. Nc3 Nc6 6. Ndb5 d6 7. Bf4 e5 8.
Bg5 a6 9. Na3 b5 10. Bxf6 gxf6 11. Nd5 Be6 12. c3 Bg7 13. Nc2 Ne7 14. Nce3 Bxd5
15. Nxd5 O-O 16. Bd3 Nxd5 17. exd5 e4 18. Bc2 f5 19. Qh5 b4 20. Qxf5 bxc3 21.
b3 Re8 22. O-O Re5 23. Qh3 Qc8 24. Qh4 f5 25. f3 e3 26. g4 Qc5 27. Kg2 e2 28.
Rfe1 Qd4 29. Qh3 fxg4 30. Bxh7+ Kf7 31. Qxg4 Qxg4+ 32. fxg4 Rc8 33. Bf5 Rc7 34.
Rac1 Bh6 35. Be6+ Kf6 36. Rc2 Bd2 37. Kf2 Bxe1+ 38. Kxe1 Kg5 39. b4 Rh7 40.
Rxe2 Rxe2+ 41. Kxe2 Rxh2+ 42. Kd1 Rxa2 43. Kc1 Kf4 44. Bc8 Ke5 45. g5 Kd4 46.
g6 Rg2 0-1

[Event "Mitropa Cup (Women) 4th"]
[Site "Szeged"]
[Date "2007.05.08"]
[Round "1"]
[White "Exler, Veronika"]
[Black "Novosadova, Kristyna"]
[Result "1-0"]
[WhiteElo "1980"]
[BlackElo "2040"]
[PlyCount "93"]
[EventDate "2007.05.08"]
[EventType "team-tourn"]
[EventRounds "9"]
[EventCountry "HUN"]
[Source "ChessBase"]
[SourceDate "2007.07.04"]

1. e4 e5 2. Nf3 Nc6 3. d4 exd4 4. Bc4 Nf6 5. e5 Ng4 6. Qe2 Qe7 7. Bf4 d6 8. Bg5
f6 9. exf6 gxf6 10. Bh4 Qxe2+ 11. Bxe2 Bg7 12. Nbd2 Bf5 13. Bb5 O-O 14. O-O-O
Nge5 15. h3 Bg6 16. a3 d3 17. c3 Bh6 18. Kb1 Nxf3 19. Nxf3 d2+ 20. Ka1 Bc2 21.
Bc4+ Kh8 22. Nxd2 Bxd1 23. Rxd1 Na5 24. Bd5 Rae8 25. Ne4 Bg7 26. f3 c6 27. Ba2
d5 28. Nd6 Re6 29. Nf5 b5 30. Bf2 Re5 31. g4 Nc4 32. b3 Nb6 33. c4 bxc4 34.
Bxb6 axb6 35. bxc4 Rd8 36. cxd5 cxd5 37. Rb1 d4 38. Rxb6 Re1+ 39. Kb2 d3 40.
Nd6 Rxd6 41. Rxd6 Re2+ 42. Kb3 h5 43. Rd8+ Kh7 44. Bb1 Kh6 45. Rxd3 f5 46. Rd6+
Kg5 47. Bxf5 1-0

[Event "Mitropa Cup (Women) 4th"]
[Site "Szeged"]
[Date "2007.05.08"]
[Round "1"]
[White "Hodova, Lucie"]
[Black "Newrkla, Katharina"]
[Result "1-0"]
[WhiteElo "2074"]
[BlackElo "2042"]
[PlyCount "45"]
[EventDate "2007.05.08"]
[EventType "team-tourn"]
[EventRounds "9"]
[EventCountry "HUN"]
[Source "ChessBase"]
[SourceDate "2007.07.04"]

1. e4 c5 2. Nf3 d6 3. d4 cxd4 4. Nxd4 Nf6 5. Nc3 g6 6. g3 Bg7 7. Bg2 O-O 8. O-O
Nc6 9. Nde2 Rb8 10. a4 a6 11. h3 b5 12. axb5 axb5 13. Be3 b4 14. Nd5 Nd7 15.
Ra2 Nde5 16. b3 f5 17. f4 Nd7 18. exf5 gxf5 19. Nd4 Nxd4 20. Bxd4 Nf6 21. Ra7
e6 22. Ne7+ Kh8 23. Nc6 1-0

[Event "Mitropa Cup (Women) 4th"]
[Site "Szeged"]
[Date "2007.05.08"]
[Round "1"]
[White "Hoolt, Sarah"]
[Black "Rudolf, Anna"]
[Result "0-1"]
[WhiteElo "2226"]
[BlackElo "2301"]
[PlyCount "152"]
[EventDate "2007.05.08"]
[EventType "team-tourn"]
[EventRounds "9"]
[EventCountry "HUN"]
[Source "ChessBase"]
[SourceDate "2007.07.04"]

1. e4 e6 2. d4 d5 3. Nc3 Bb4 4. e5 Ne7 5. a3 Bxc3+ 6. bxc3 b6 7. Bb5+ c6 8. Bd3
Ba6 9. h4 Bxd3 10. Qxd3 c5 11. Nf3 Qc7 12. h5 h6 13. Rh3 Nd7 14. a4 Rc8 15. Kd1
Nc6 16. Rb1 Na5 17. Rg3 Kf8 18. Nh4 cxd4 19. cxd4 Qc4 20. f4 Kg8 21. Ba3 Qxd3+
22. cxd3 Kh7 23. f5 Nc6 24. Rg4 Rhe8 25. Rc1 Ne7 26. Rxc8 Nxc8 27. fxe6 fxe6
28. Ng6 a6 29. Rf4 b5 30. axb5 axb5 31. Rf2 Ncb6 32. Rc2 Ra8 33. Bb4 Kg8 34.
Rc7 Kf7 35. Bc5 Ke8 36. Bxb6 Nxb6 37. Re7+ Kd8 38. Rxe6 Kc7 39. Nf4 Ra1+ 40.
Kc2 Rf1 41. g3 b4 42. Rg6 Kb7 43. Rd6 Nc4 44. Rg6 Ne3+ 45. Kb2 Re1 46. Ne6 Kc6
47. Nc5+ Kb5 48. Rxg7 Re2+ 49. Kc1 Nc2 50. Ne6 Ka4 51. Ra7+ Kb3 52. Nf4 Rh2 53.
Nxd5 Nxd4 54. Rb7 Nc2 55. e6 Rh1+ 56. Kd2 Rh2+ 57. Kd1 Rh1+ 58. Ke2 Re1+ 59.
Kf3 Rxe6 60. Kf4 Ka3 61. Nb6 Nd4 62. Nc4+ Kb3 63. g4 Kc3 64. g5 b3 65. g6 Kxd3
66. Ne5+ Kc3 67. g7 Re8 68. Ng4 b2 69. Nxh6 Nb3 70. Rc7+ Kb4 71. Rb7+ Ka4 72.
Ra7+ Na5 73. Re7 Rxe7 74. g8=Q b1=Q 75. Qg6 Qf1+ 76. Kg5 Qg1+ 0-1

[Event "Mitropa Cup (Women) 4th"]
[Site "Szeged"]
[Date "2007.05.08"]
[Round "1"]
[White "Ignacz, Maria"]
[Black "Winkelmann, Elena"]
[Result "1-0"]
[WhiteElo "2238"]
[BlackElo "2114"]
[PlyCount "57"]
[EventDate "2007.05.08"]
[EventType "team-tourn"]
[EventRounds "9"]
[EventCountry "HUN"]
[Source "ChessBase"]
[SourceDate "2007.07.04"]

1. d4 d5 2. c4 c6 3. Nf3 e6 4. g3 Nf6 5. Bg2 Be7 6. O-O O-O 7. Nc3 Nbd7 8. Nd2
Re8 9. e4 dxe4 10. Ndxe4 Nxe4 11. Nxe4 Nf6 12. Nc3 h6 13. Bf4 Bd6 14. Be5 Bxe5
15. dxe5 Qxd1 16. Raxd1 Ng4 17. Rfe1 f6 18. f4 h5 19. h3 Nh6 20. exf6 gxf6 21.
Ne4 Kg7 22. Bf3 h4 23. Bh5 Rh8 24. Nd6 Ng8 25. g4 Bd7 26. Nf7 Rxh5 27. Rxd7 Ra5
28. Rxe6 Rxa2 29. Ne5+ 1-0

[Event "Mitropa Cup (Women) 4th"]
[Site "Szeged"]
[Date "2007.05.08"]
[Round "1"]
[White "Kozma, Edit"]
[Black "Varholakova, Nikoleta"]
[Result "0-1"]
[WhiteElo "2089"]
[BlackElo "2180"]
[PlyCount "46"]
[EventDate "2007.05.08"]
[EventType "team-tourn"]
[EventRounds "9"]
[EventCountry "HUN"]
[Source "ChessBase"]
[SourceDate "2007.07.04"]

1. e4 d5 2. exd5 Nf6 3. d4 Nxd5 4. Nf3 g6 5. c4 Nb6 6. a4 a5 7. h3 Bg7 8. Be3
Nc6 9. Nc3 O-O 10. d5 Ne5 11. Nxe5 Bxe5 12. Bd3 e6 13. dxe6 Bxe6 14. Qe2 Re8
15. O-O Qh4 16. Bxb6 Bxc3 17. Be3 Bg7 18. Rac1 Rad8 19. b3 Bxh3 20. gxh3 Qxh3
21. Rcd1 Be5 22. f4 Bd4 23. Rf3 Bxe3+ 0-1

[Event "Mitropa Cup (Women) 4th"]
[Site "Szeged"]
[Date "2007.05.08"]
[Round "1"]
[White "Purgar, Ivona"]
[Black "Novak, Ksenija"]
[Result "1/2-1/2"]
[WhiteElo "1975"]
[BlackElo "2151"]
[PlyCount "64"]
[EventDate "2007.05.08"]
[EventType "team-tourn"]
[EventRounds "9"]
[EventCountry "HUN"]
[Source "ChessBase"]
[SourceDate "2007.07.04"]

1. e4 c5 2. Nf3 e6 3. d4 cxd4 4. Nxd4 Nf6 5. Nc3 Nc6 6. Ndb5 d6 7. Bf4 e5 8.
Bg5 a6 9. Na3 b5 10. Nd5 Be7 11. Bxf6 Bxf6 12. c3 O-O 13. Nc2 Bg5 14. a4 bxa4
15. Rxa4 a5 16. Bc4 Rb8 17. Ra2 Kh8 18. Nce3 g6 19. O-O f5 20. exf5 Bxf5 21.
Nxf5 Rxf5 22. Qd3 Ne7 23. b3 Nxd5 24. Qxd5 e4 25. Qd1 d5 26. Be2 Rf7 27. Bg4
Rfb7 28. Be6 Rxb3 29. Qxd5 Qxd5 30. Bxd5 Rxc3 31. Rxa5 e3 32. fxe3 Bxe3+
1/2-1/2

[Event "Mitropa Cup (Women) 4th"]
[Site "Szeged"]
[Date "2007.05.08"]
[Round "1"]
[White "Rozic, Vesna"]
[Black "Berke, Ana"]
[Result "1-0"]
[WhiteElo "2246"]
[BlackElo "2072"]
[PlyCount "111"]
[EventDate "2007.05.08"]
[EventType "team-tourn"]
[EventRounds "9"]
[EventCountry "HUN"]
[Source "ChessBase"]
[SourceDate "2007.07.04"]

1. d4 Nf6 2. Nf3 c5 3. c3 b6 4. Bg5 Ne4 5. Bh4 Bb7 6. e3 g6 7. Bd3 Bg7 8. O-O
O-O 9. Nbd2 Nxd2 10. Nxd2 d6 11. Re1 Qc7 12. a4 Nc6 13. Qe2 Rfe8 14. Bg3 e5 15.
dxc5 dxc5 16. e4 Rad8 17. Nc4 Bc8 18. Bh4 f6 19. Ne3 Be6 20. Bc4 Na5 21. Bxe6+
Rxe6 22. Nd5 Qf7 23. Rad1 Red6 24. Rd2 c4 25. Rdd1 Kh8 26. Ne3 Qc7 27. Rxd6
Rxd6 28. Rd1 h5 29. h3 Qc6 30. Rxd6 Qxd6 31. f3 Qc6 32. Qd1 Nb7 33. Nd5 Qd6 34.
Qe2 Na5 35. Ne3 Qc6 36. Qd1 Nb7 37. Bf2 Bf8 38. Nd5 Bc5 39. Bxc5 Qxc5+ 40. Kh1
Qd6 41. b3 cxb3 42. Qxb3 Na5 43. Qb5 Nc6 44. Qa6 Ne7 45. Qxa7 Nxd5 46. exd5 h4
47. a5 b5 48. Qb6 Qxd5 49. Qxf6+ Kh7 50. Qxh4+ Kg7 51. Qe7+ Kh6 52. a6 Qa2 53.
a7 Qa1+ 54. Kh2 Qa4 55. Qf8+ Kh5 56. a8=Q 1-0

[Event "Mitropa Cup (Women) 4th"]
[Site "Szeged"]
[Date "2007.05.08"]
[Round "1"]
[White "Toth, Lili"]
[Black "Papp, Petra"]
[Result "1-0"]
[WhiteElo "2251"]
[BlackElo "1926"]
[PlyCount "72"]
[EventDate "2007.05.08"]
[EventType "team-tourn"]
[EventRounds "9"]
[EventCountry "HUN"]
[Source "ChessBase"]
[SourceDate "2007.07.04"]

1. d4 f5 2. Nc3 Nf6 3. Bg5 g6 4. Bxf6 exf6 5. e3 d5 6. Bd3 c6 7. Qf3 Be6 8.
Nge2 Bd6 9. h3 Nd7 10. g4 fxg4 11. hxg4 Nf8 12. e4 Qe7 13. exd5 cxd5 14. Nxd5
Bxd5 15. Qxd5 O-O-O 16. Qc4+ Kb8 17. O-O-O Nd7 18. Kb1 Nb6 19. Qb3 Bc7 20. c4
Qd7 21. f3 Ka8 22. d5 Qa4 23. Nd4 Qxb3 24. axb3 Kb8 25. Ne6 Rde8 26. Rh6 Nd7
27. Rdh1 Nf8 28. Nxf8 Rhxf8 29. Rxh7 g5 30. c5 Be5 31. Be4 Bd4 32. b4 b6 33. c6
Be5 34. Rb7+ Kc8 35. Bf5+ Kd8 36. Rhh7 Bc7 1-0